Something to Offend Everyone: Tipler's Vision of Immortality
Abstract. Frank Tipler's The Physics of Immortality provides abundant cause for intellectual offense—including challenges to physics, to theology, and, seemingly, to common sense. Few philosophical conundrums remain unaddressed. Still, the book is stimulating and well presented.
| Main Author: | |
|---|---|
| Format: | Electronic Article |
| Language: | English |
| Check availability: | HBZ Gateway |
| Interlibrary Loan: | Interlibrary Loan for the Fachinformationsdienste (Specialized Information Services in Germany) |
| Published: |
1995
|
| In: |
Zygon
Year: 1995, Volume: 30, Issue: 3, Pages: 477-478 |
| Further subjects: | B
Resurrection
B Omega Point B Immortality B Information |
| Online Access: |
Volltext (lizenzpflichtig) Volltext (lizenzpflichtig) |
| Parallel Edition: | Non-electronic
|
MARC
| LEADER | 00000naa a22000002c 4500 | ||
|---|---|---|---|
| 001 | 1827951214 | ||
| 003 | DE-627 | ||
| 005 | 20221220052606.0 | ||
| 007 | cr uuu---uuuuu | ||
| 008 | 221220s1995 xx |||||o 00| ||eng c | ||
| 024 | 7 | |a 10.1111/j.1467-9744.1995.tb00085.x |2 doi | |
| 035 | |a (DE-627)1827951214 | ||
| 035 | |a (DE-599)KXP1827951214 | ||
| 040 | |a DE-627 |b ger |c DE-627 |e rda | ||
| 041 | |a eng | ||
| 084 | |a 0 |2 ssgn | ||
| 100 | 1 | |a York, Donald G. |e VerfasserIn |4 aut | |
| 245 | 1 | 0 | |a Something to Offend Everyone: Tipler's Vision of Immortality |
| 264 | 1 | |c 1995 | |
| 336 | |a Text |b txt |2 rdacontent | ||
| 337 | |a Computermedien |b c |2 rdamedia | ||
| 338 | |a Online-Ressource |b cr |2 rdacarrier | ||
| 520 | |a Abstract. Frank Tipler's The Physics of Immortality provides abundant cause for intellectual offense—including challenges to physics, to theology, and, seemingly, to common sense. Few philosophical conundrums remain unaddressed. Still, the book is stimulating and well presented. | ||
| 650 | 4 | |a Resurrection | |
| 650 | 4 | |a Omega Point | |
| 650 | 4 | |a Information | |
| 650 | 4 | |a Immortality | |
| 773 | 0 | 8 | |i Enthalten in |t Zygon |d [London] : Open Library of Humanities, 1966 |g 30(1995), 3, Seite 477-478 |h Online-Ressource |w (DE-627)300593570 |w (DE-600)1482903-4 |w (DE-576)090854799 |x 1467-9744 |7 nnas |
| 773 | 1 | 8 | |g volume:30 |g year:1995 |g number:3 |g pages:477-478 |
| 776 | |i Erscheint auch als |n Druckausgabe |w (DE-627)1639588728 |k Non-Electronic | ||
| 856 | 4 | 0 | |u https://doi.org/10.1111/j.1467-9744.1995.tb00085.x |x Resolving-System |z lizenzpflichtig |3 Volltext |7 1 |
| 856 | 4 | 0 | |u https://onlinelibrary.wiley.com/doi/abs/10.1111/j.1467-9744.1995.tb00085.x |x Verlag |z lizenzpflichtig |3 Volltext |7 1 |
| 935 | |a mteo | ||
| 951 | |a AR | ||
| ELC | |a 1 | ||
| ITA | |a 1 |t 1 | ||
| LOK | |0 000 xxxxxcx a22 zn 4500 | ||
| LOK | |0 001 4235356127 | ||
| LOK | |0 003 DE-627 | ||
| LOK | |0 004 1827951214 | ||
| LOK | |0 005 20221220052606 | ||
| LOK | |0 008 221220||||||||||||||||ger||||||| | ||
| LOK | |0 035 |a (DE-Tue135)IxTheo#2022-12-06#A6B640E7CD4D76DA90B9035FBAFFF35410DF9F7E | ||
| LOK | |0 040 |a DE-Tue135 |c DE-627 |d DE-Tue135 | ||
| LOK | |0 092 |o n | ||
| LOK | |0 852 |a DE-Tue135 | ||
| LOK | |0 852 1 |9 00 | ||
| LOK | |0 935 |a ixzs |a ixrk |a zota | ||
| LOK | |0 939 |a 20-12-22 |b l01 | ||
| OAS | |a 1 |b inherited from superior work | ||
| OAS | |a 1 | ||
| ORI | |a SA-MARC-ixtheoa001.raw | ||
| REL | |a 1 | ||
| STA | 0 | 0 | |a Information |
| STB | 0 | 0 | |a Information |
| STC | 0 | 0 | |a Información |
| STD | 0 | 0 | |a Informazione |
| STE | 0 | 0 | |a 信息,信息 |
| STF | 0 | 0 | |a 信息,資訊 |
| STG | 0 | 0 | |a Informação |
| STH | 0 | 0 | |a Информация |
| STI | 0 | 0 | |a Πληροφορία |
| SUB | |a REL | ||
| SYE | 0 | 0 | |a Informationswesen |



